000 00621nam a2200145Ia 4500
008 170221s9999 xx 000 0 und d
100 _aTahira Nazir
245 _aMediating Role of Organizational Cynicism in Relationship between Role Stressors and Turnover Intention: Evidence from Healthcare Sector of Pakistan
245 _cTahira Nazir, Ungku Norulkamar Bt. Ungku Ahmad, Samina Nawab, Syed Fida Hussain Shah
260 _bInternational Review of Management and Marketing
260 _cDecember 2013
300 _a5:2
650 _xMarketing.
856 _uhttp://www.econjournals.com/index.php/irmm/issue/view/72
999 _c310269
_d310269